Statistiken für US-Präsidentschaftskandidaten seit 1789 - mit Bild

Klicken Sie hier um das Quiz zu spielen!

Allgemein

  • Dieses Quiz wurde 56 mal gespielt
  • Das Durchschnittsergebnis liegt bei 15 aus 50

Antwortstatistiken

Antwort% Korrekt
Donald Trump
89%
Hillary Clinton
87%
George Bush
80%
Jimmy Carter
80%
Richard Nixon
78%
Gerald Ford
64%
Thomas Jefferson
64%
Al Gore
62%
John Adams
60%
John McCain
53%
Theodore Roosevelt
51%
John Kerry
49%
Herbert Hoover
47%
Mitt Romney
47%
Andrew Jackson
36%
Benjamin Harrison
33%
Bob Dole
33%
Grover Cleveland
33%
Martin Van Buren
33%
Walter Mondale
33%
Barry Goldwater
29%
Michael Dukakis
29%
William Harrison
29%
John Adams
27%
Hubert Humphrey
24%
Adlai Stevenson
22%
George McGovern
22%
Thomas Dewey
18%
Henry Clay
13%
Samuel Tilden
13%
Alf Landon
11%
Al Smith
9%
Alton Parker
9%
DeWitt Clinton
9%
James Cox
9%
John Frémont
9%
Wendell Willkie
9%
William Bryan
9%
Charles Pinckney
7%
George McClellan
7%
James Blaine
7%
John Breckinridge
7%
Charles Hughes
4%
Horatio Seymour
4%
John Davis
4%
Lewis Cass
4%
Rufus King
4%
Thomas Hendricks
4%
Winfield Hancock
4%
Winfield Scott
4%

Verteilung der Resultate

Perzentil nach korrekt beantworteten Fragen

Anzahl Personen mit jedem Resultat

Ihre Resultats-Entwicklung

Sie haben dieses Quiz noch nicht gespielt